Tvorba poistných rezerv v Maďarskej republike

Stručná charakteristika poistno-technických rezerv Maďarskej republiky. Vybrané agregátne ukazovatele. Tvorba poistno-technických rezerv.

Salvato in:
Dettagli Bibliografici
Autore principale: Kafková, Eva
Altri autori: Pergelyová, Katarína, Brecik, Peter
Natura: Capitolo di libro
Lingua:slovacco
Soggetti:
Tags: Aggiungi Tag
Nessun Tag, puoi essere il primo ad aggiungerne!!

MARC

LEADER 00000naa a2200000 4500
001 r045521
005 20230918114728.4
041 0 |a slo 
044 |a SK 
245 1 0 |a Tvorba poistných rezerv v Maďarskej republike  |c Eva Kafková, Katarína Pergelyová, Peter Brecik 
520 |a Stručná charakteristika poistno-technických rezerv Maďarskej republiky. Vybrané agregátne ukazovatele. Tvorba poistno-technických rezerv. 
610 2 0 |a rezervy poistné 
610 2 0 |a tvorba rezerv 
610 2 0 |a poisťovníctvo 
610 2 0 |a Maďarsko 
100 1 |a Kafková, Eva 
700 1 |a Pergelyová, Katarína 
700 1 |a Brecik, Peter